000 00476nam a2200193Ia 4500
003 LK-CoDNM
008 010623t1891 xxu||||| |||| 00| 1 eng d
040 _aLK-CoDNM
_dLK-CoDNM
_eLK-CoDNM
041 _aeng
080 _a7 F 15
100 _aDutt,Manmatha Nath
_eed.
245 _aThe Ramayana
260 _bManmatha Nath Dutt
_aCalcutta
_c1891
300 _b181P., 21 cm
650 _aIndian History
650 _aKishkindhaa Kaandam
700 _aValmiki
942 _cBK
999 _c83383
_d83383